000 00516nam a22002057a 4500
003 OSt
005 20160630175814.0
008 160330b xxu||||| |||| 00| 0 eng d
020 _a9780078110993
020 _a0078110998
040 _cDDC.
082 _a336.2FUN 2011.
100 _aCruz,Deschamps;
_97499
245 _aFundamentals Taxation 2011
260 _aIndia.
_bMcGraw-Hill.
_c2011.
300 _axxii, 1040p;
_bill;
_c30cm
504 _aIndex included
650 _aTaxation.
_91362
942 _2ddc
_cSLOAN
999 _c3352
_d3352